Die zwei größten Städte von jedem Land in Europa - Statistiken

Allgemein
  • Dieses Quiz wurde 185 mal gespielt
    136 seit der letzten Aktualisierung
  • Das Durchschnittsergebnis liegt bei 61 aus 88
Antwortstatistiken
Hint Antwort % Korrekt
Deutschland Berlin
100%
Hamburg
99%
Frankreich Paris
99%
Belgien Brüssel
98%
Finnland Helsinki
98%
Niederlande Amsterdam
97%
Griechenland Athen
97%
Dänemark Kopenhagen
97%
Portugal Lissabon
97%
Russland Moskau
97%
Norwegen Oslo
97%
Tschechien Prag
97%
Bulgarien Sofia
97%
Schweden Stockholm
97%
Österreich Wien
97%
Barcelona
96%
Ungarn Budapest
96%
Ukraine Kyjiw
96%
Vereinigtes Königreich London
96%
Luxemburg Luxemburg
96%
Spanien Madrid
96%
Monaco Monaco
96%
Italien Rom
96%
Vatikanstadt Vatikanstadt
96%
Polen Warschau
96%
Rumänien Bukarest
95%
Irland Dublin
95%
Schweiz Zürich
95%
Mailand
94%
Island Reykjavík
94%
Sankt Petersburg
94%
Lyon
93%
San Marino San Marino
93%
Kroatien Zagreb
93%
Porto
92%
Lettland Riga
92%
Rotterdam
92%
Serbien Belgrad
91%
Belarus Minsk
91%
Albanien Tirana
91%
Vaduz
91%
Estland Tallinn
90%
Bosnien und Herzegowina Sarajevo
89%
Slowakei Bratislava
86%
Slowenien Ljubljana
85%
Malta Valletta
85%
Litauen Vilnius
85%
Nordmazedonien Skopje
84%
Birmingham
82%
Andorra Andorra la Vella
81%
Genf
81%
Graz
81%
Antwerpen
80%
Moldawien Chișinău
79%
Krakau
78%
Göteborg
76%
Bergen
72%
Montenegro Podgorica
69%
Kosovo Pristina
69%
Thessaloniki
69%
Split
68%
Aarhus
54%
Charkiw
54%
Brünn
50%
Cork
44%
Maribor
40%
Kaunas
34%
Novi Sad
31%
Tiraspol
27%
Debrecen
24%
Espoo
24%
Košice
23%
Plowdiw
23%
Cluj-Napoca
21%
Durrës
21%
Liechtenstein Schaan
21%
Banja Luka
20%
Esch an der Alzette
16%
Tartu
15%
Homel
12%
Daugavpils
11%
Prizren
10%
Serravalle
10%
Nikšić
6%
Kópavogur
5%
Escaldes-Engordany
4%
Kumanovo
4%
San Pawl il-Bahar
2%
Keine übereinstimmenden Quizze gefunden
Verteilung der Resultate
Anzahl Personen mit jedem Resultat
Perzentil nach korrekt beantworteten Fragen
Ihre Resultats-Entwicklung
Sie haben dieses Quiz seit der letzten Aktualisierung nicht gespielt